000 00653nam a2200217 u 4500
005 20210223131751.0
008 120621s2001 es r 000 0 spa d
020 _a8478445811
035 _aUPN01000185274
049 _aCG
050 4 _aPT2621 A2
_bM4h
100 1 _aKafka, Franz,
_d1883-1924
_928567
245 1 3 _aLa metamorfosis y otros cuentos /
_cFranz Kafka ; tr. José Rafael Hernández Arias.
260 _aMadrid :
_bSiruela,
_c2001.
300 _a166 p.
440 0 _aEscolar de filosofía
534 _pTítulo original:
_tDie verwandlung, das urteil
650 4 _aLITERATURA CHECOSLOVACA
_920905
905 _aLibro
999 _c157377
_d157377